Information literacy : (Record no. 40060)

MARC details
000 -LEADER
fixed length control field 00872nam a22002297a 4500
005 - DATE AND TIME OF LATEST TRANSACTION
control field 20100807135656.0
010 ## - LCCN (DPL NO)
LC control number ENG-98899
020 ## - INTERNATIONAL STANDARD BOOK NUMBER
Terms of availability 7323.00
International Standard Book Number 9783598220371
035 ## - SYSTEM CONTROL NUMBER
System control number EN-82431
037 ## - SOURCE OF ACQUISITION
Source of stock number/acquisition DBAD/PUB
082 ## - DEWEY DECIMAL CLASSIFICATION NUMBER
Classification number 025.524
245 ## - TITLE STATEMENT
Title Information literacy :
Statement of responsibility, etc edited by Jesus Lau
Remainder of title international perspectives /
260 ## - PUBLICATION, DISTRIBUTION, ETC. (IMPRINT)
Place of publication, distribution, etc Netherlands
Name of publisher, distributor, etc International Foundation of Library Associations Publications
Date of publication, distribution, etc 2008
270 ## - ADDRESS
Address The Hauge
City Netherlands
300 ## - PHYSICAL DESCRIPTION
Extent 160p.:
Dimensions 21cm (Hb)
Other physical details ill.
500 ## - GENERAL NOTE
General note includes bibliographical references
650 ## - SUBJECT ADDED ENTRY--TOPICAL TERM
Topical term or geographic name as entry element Information literacy
650 ## - SUBJECT ADDED ENTRY--TOPICAL TERM
Topical term or geographic name as entry element Comparative Librarianship
700 ## - ADDED ENTRY--PERSONAL NAME
Personal name Lau, Jesus
9 (RLIN) 8547
942 ## - ADDED ENTRY ELEMENTS (KOHA)
Source of classification or shelving scheme Dewey Decimal Classification
Item type English Books
Classification part 025.524
Call number suffix INF
Holdings
Withdrawn status Lost status Not for loan Collection code Home library Current library Date acquired Source of acquisition Cost, normal purchase price Full call number Barcode Copy number Cost, replacement price Koha item type
    Not For Loan Non-fiction D.B.Act.Division D.B.Act.Division 07/08/2010 DBAD/PUB 7323.00 025.524 INF EN-82431 1 7323.00 English Books

© Delhi Public Library
Hit Counter
free hit counter